|
|
|
|
| LEADER |
00000nab a2200000 a 4500 |
| 001 |
vtls001498791 |
| 003 |
SK-MaSNL |
| 005 |
20260303094711.0 |
| 008 |
140619s1996 xo 000 0 slo |
| 035 |
|
|
|a SPKCL1590
|
| 040 |
|
|
|a SPKCL
|b slo
|c SNKBUCL
|d VÚDPaP(JŠ)
|e AACR2
|
| 041 |
|
|
|a slo
|
| 044 |
|
|
|a xo
|c SK
|
| 080 |
|
|
|a 159.946.4:303.687.8
|2 1981
|
| 100 |
1 |
|
|a Kormoš, Milan
|4 aut
|9 1081542
|
| 245 |
1 |
0 |
|a Vybrané aspekty detskej kresby
|c Milan Kormoš
|
| 520 |
|
|
|a Príspevok si všíma detskú kresbu z aspektu identifikácie i aspektu farebnosti
|
| 773 |
1 |
|
|t Psychologia a patopsychológia dieťaťa
|g Roč. 31, č. 1 (1996) s. 60-69
|
| 850 |
|
|
|a Slovenská pedagogická knižnica Bratislava
|
| 852 |
|
|
|a SPKCL
|b KIS3GCP
|b 000710000
|n SK
|
| 999 |
|
|
|c 1822073
|d 1824003
|